| 000 | 00503cam a22002054a 4500 | ||
|---|---|---|---|
| 005 | 20250605164302.0 | ||
| 008 | 250528s ||||||||||||||||||||||||d | ||
| 035 | _a22111 | ||
| 020 | _a9781844452088 | ||
| 040 |
_aGR-AtMCL _bgre _dGR-AtMCL _eAACR2 |
||
| 245 | 1 | _aGLOBAL ISSUES AND COMPARATIVE EDUCATION | |
| 250 | _a1 | ||
| 260 |
_bSage Publications, _c2009 |
||
| 300 | _a127 | ||
| 700 | 1 |
_aBignold Wendy _97990 |
|
| 700 | 1 |
_aGayton Liz _97991 |
|
| 942 | _cBK | ||
| 999 |
_c7167 _d7167 |
||